000 01456nam a22003137a 4500
005 20080918163843.0
008 080918t xxu||||| |||| 00| 0 mar d
010 _aMAR-20840
020 _c130.00
_a9788190563918
035 _aMR-13498
037 _bDBAD / PUB
040 _aDPL
_bMAR
082 _a891.4608
100 _9747
_aबोधे, व.बा.
245 _aवृक्ष माझे सोबती /
_cव.बा. बोधे
246 _aVriksha mazhe sobati
_bby V.B. Bodhe
260 _aपुणे
_bअक्षरबंध प्रकाशन
_c2008
270 _aकिरण वसंतराय बोधे 'रविकिरणਟ, नीरा, ता. पुरंदर
_bपुणे
_e412102
_k(02115) 242042
300 _a147पृ.
_c22सेमी (अजिल्द)
650 _9697
650 _9698
700 _927881
700 _927882
700 _927883
942 _2ddc
_cHN
_mबोधेव
_h811.092
999 _c52452
_d52452